000 00524nam a2200193Ia 4500
001 71825
008 160401s9999 xx 000 0 und d
020 _a9781462514069
040 _cPK-LaUMT
082 _a 616.8527
_bMIN-
100 _aDeckersbach, Thilo
245 _aMindfulness-based cognitive therapy for bipolar disorder
_cDeckersbach, Thilo|[et al, ]
260 _aNew York,USA:
_bThe Guilford Press,
_c2014
300 _a339 p
546 _aEN
650 _aBiotechnology
700 _a[et al, ]
942 _cBK
999 _c84830
_d84830